000 01274 a2200205 4500
003 Nust
005 20220811085151.0
020 _a9780070634558
040 _cNust
082 _a621.381,MIL
100 _aMillman, Jacob
_941595
245 _aMillman's electronic devices & circuits /
_cJacob Millman
250 _a2nd Edition
260 _aNew Delhi
_bTata McGraw-Hill
_c2007
300 _a656 p.
505 _aElectron Ballistics and Applications (Page-1), Energy Levels and Energy Bands (Page-41), Conduction in Metals (Page-59), Conduction in Semiconductors (Page-83), Semiconductor-Diode Characteristics (Page-111),. Applications of Diode (Page-177), Transistor Characteristics (Page-247), Transistor Biasing and Thermal Stabilization (Page-284). Small-Signal Low-Frequency Transistor Model (Page-317). Low-Frequency Transistor Amplifier Circuits (Page-343), The High-Frequency Transistor (Page-381), Field-Effect Transistors (Page-401), Integrated Circuits (Page-434), Untuned Amplifiers (Page-462) Feedback Amplifiers and Oscillators (Page-487), Large-Signal Amplifiers (Page-563), Photoelectric Devices(Page-583), Regulated Power Supplies (Page-616).
650 _aTelecommunication Engineering
700 _aChristos C. Halkias
_996772
942 _cREF
_2ddc
999 _c188431
_d188431